Name All 55 Minecraft Biomes - Statistics

General Stats
  • This quiz has been taken 99 times
    94 since last reset
  • The average score is 21 of 55
Answer Stats
Hint Answer % Correct
Most common biome in Minecraft Plains
86%
Sandy place but yes cacti Desert
83%
Trees of oak and birch variety Forest
79%
Lily pads, witches, and water Swamp
78%
Tall trees and rocky temples Jungle
75%
That but with only one of those trees Birch Forest
68%
Forest of spruce Taiga
67%
Standard water biome Ocean
63%
Ice in huge towers Ice Spikes
58%
Acacia and odd-looking oak trees Savannah
58%
Third dimension The End
58%
That but with snow Snowy Plains
57%
Island with fungus cows Mushroom Island
56%
Sandy place but no cacti Beach
53%
Biome of sculk Deep Dark Caves
53%
That but colorful Flower Forest
50%
Large, much darker trees here Dark Oak Forest
47%
Line of water River
46%
That but with coral and tropical fish Warm Ocean
44%
Gold, red sand, and terracotta Badlands
43%
That but with a few more shipwrecks Cold Ocean
43%
That but with snow Snowy Taiga
43%
That but with snow Snowy Beach
42%
That but with red trees Crimson Forest
40%
That but there´s pandas Bamboo Jungle
39%
That but darker water Deep Ocean
39%
Spiky and underground Dripstone Caves
39%
Mossy, found under azalea trees Lush Caves
38%
Cyan trees and pig people Warped Forest
38%
Bone blocks and blue fire Soul Sand Valley
36%
That but ice Frozen River
35%
That but with seaweed and gravel instead of coral Lukewarm Ocean
35%
That but with bigger trees Mangrove Swamp
33%
The biome most like the classic Nether Nether Wastes
31%
That but hilly Meadow
28%
Lava, blackstone, basalt, and glowstone Basalt Delta
26%
That but with tall flowers Sunflower Plains
26%
That but the towers are more like bumps Frozen Ocean
24%
That but with ravines Deep Cold Ocean
21%
That but with rocks instead of sand Stony Shore
21%
That but with trees and some snow Grove
19%
That but the trees are spaced more Sparse Jungle
18%
That but on a big hill Savannah Plateau
17%
That but with trees Wooded Badlands
17%
That but taller and more snow Snowy Slopes
15%
Calcite and goats Stony Peak
15%
That but a bit sandier and deeper Deep Lukewarm Ocean
14%
Mountains. Most common place for floating islands Windswept Hills
14%
That but spiky Eroded Badlands
13%
The one right above but with ice Frozen Peaks
11%
That but taller still Jagged Peaks
11%
The one above but there´s no ice floor Deep Frozen Ocean
8%
That but with flinty stuff Windswept Gravelly Hills
8%
That but another humongous mountain Windswept Savannah
7%
That but with trees and flatter Windswept Forest
6%
No matching quizzes found
Score Distribution
Percent of People with Each Score
Percentile by Number Answered
Your Score History
You have not taken this quiz since the last reset